Detalles MARC
| 000 -CABECERA |
| campo de control de longitud fija |
03441nam a2200409 a 4500 |
| 001 - NÚMERO DE CONTROL |
| campo de control |
000020381 |
| 005 - FECHA Y HORA DE LA ÚLTIMA TRANSACCIÓN |
| campo de control |
20240306073903.0 |
| 008 - DATOS DE LONGITUD FIJA--INFORMACIÓN GENERAL |
| campo de control de longitud fija |
150130s2008 dr ac 000 0 spa d |
| 020 ## - NÚMERO INTERNACIONAL ESTÁNDAR DEL LIBRO |
| Número Internacional Estándar del Libro |
9789945111927 (v. 1) |
| 020 ## - NÚMERO INTERNACIONAL ESTÁNDAR DEL LIBRO |
| Número Internacional Estándar del Libro |
9789945111934 (v. 2) |
| 020 ## - NÚMERO INTERNACIONAL ESTÁNDAR DEL LIBRO |
| Número Internacional Estándar del Libro |
9789945111941 (v. 3) |
| 020 ## - NÚMERO INTERNACIONAL ESTÁNDAR DEL LIBRO |
| Número Internacional Estándar del Libro |
9789945111958 (v. 4) |
| 020 ## - NÚMERO INTERNACIONAL ESTÁNDAR DEL LIBRO |
| Número Internacional Estándar del Libro |
9789945111972 (v. 6) |
| 020 ## - NÚMERO INTERNACIONAL ESTÁNDAR DEL LIBRO |
| Número Internacional Estándar del Libro |
9789945111989 (v. 7) |
| 020 ## - NÚMERO INTERNACIONAL ESTÁNDAR DEL LIBRO |
| Número Internacional Estándar del Libro |
9789945111996 (v. 8) |
| 040 ## - FUENTE DE LA CATALOGACIÓN |
| Centro catalogador/agencia de origen |
DO-SdBNP |
| Lengua de catalogación |
spa |
| Centro/agencia transcriptor |
BNPHU |
| 100 1# - ENTRADA PRINCIPAL--NOMBRE DE PERSONA |
| Nombre de persona |
Santos, Altagracia |
| 9 (RLIN) |
6594 |
| 245 10 - MENCIÓN DE TÍTULO |
| Título |
Matemáticas : |
| Resto del título |
educación básica / |
| Mención de responsabilidad, etc. |
Altagracia Santos, Andrés Molina Maloon ; dirección editorial Obdulia García de Escobar ; ilustraciones Ruddy Núñez. |
| 260 ## - PUBLICACIÓN, DISTRIBUCIÓN, ETC. |
| Lugar de publicación, distribución, etc. |
Santo Domingo : |
| Nombre del editor, distribuidor, etc. |
Santillana, |
| Fecha de publicación, distribución, etc. |
2008. |
| 300 ## - DESCRIPCIÓN FÍSICA |
| Extensión |
8 v + CD Room : |
| Otras características físicas |
il., retrs. ; |
| Dimensiones |
30 cm. |
| 490 1# - MENCIÓN DE SERIE |
| Mención de serie |
Coral |
| 500 ## - NOTA GENERAL |
| Nota general |
Educación básica |
| 500 ## - NOTA GENERAL |
| Nota general |
La biblioteca solamente posee los volumenes de las guías 1, 2, 3, 4, 6, 7 y 8 |
| 500 ## - NOTA GENERAL |
| Nota general |
La biblioteca solamente posee los cuadernos de trabajo de los volumenes 2, 3, 7 y 8. |
| 500 ## - NOTA GENERAL |
| Nota general |
Incluye CD Room |
| 505 0# - NOTA DE CONTENIDO CON FORMATO |
| Información miscelánea |
v. 1 : |
| Título |
Números hasta el 9 -- |
| -- |
Situaciones de suma -- |
| -- |
La decena -- |
| -- |
Línea y figuras -- |
| -- |
Decenas completas -- |
| -- |
Números del 11 al 99 -- |
| -- |
Suma y resta -- |
| -- |
La centena -- |
| -- |
Las fracciones -- |
| -- |
Formas simétricas -- |
| -- |
Cuerpos geométricos -- |
| -- |
Mediciones -- |
| -- |
Registro de datos -- |
| 505 0# - NOTA DE CONTENIDO CON FORMATO |
| Información miscelánea |
v. 2 : |
| Título |
Suma y resta -- |
| -- |
Del 100 al 1,000 -- |
| -- |
Operar con centenas -- |
| -- |
La multiplicacíon -- |
| -- |
La división -- |
| -- |
Líneas y figuras -- |
| -- |
Medidas de longitud -- |
| -- |
Otras medidas -- |
| -- |
Figuras geométricas -- |
| -- |
Nuestro dinero -- |
| -- |
Registro de datos -- |
| 505 0# - NOTA DE CONTENIDO CON FORMATO |
| Información miscelánea |
v. 3 : |
| Título |
Unidades de millar -- |
| -- |
Suma y resta -- |
| -- |
La multiplicacíon -- |
| -- |
La división -- |
| -- |
Decenas de millar -- |
| -- |
Las fracciones -- |
| -- |
Unidades de longitud -- |
| -- |
El tiempo y su medida -- |
| -- |
Área -- |
| -- |
Ángulo -- |
| -- |
Figuras y cuerpos -- |
| -- |
Otras medidas -- |
| 505 0# - NOTA DE CONTENIDO CON FORMATO |
| Información miscelánea |
v. 4 : |
| Título |
Números hasta el millón -- |
| -- |
Operaciones aritméticas, 1 -- |
| -- |
Operaciones aritméticas, 2 -- |
| -- |
Fracciones -- |
| -- |
Los números decimales -- |
| -- |
Variaciones proporcionales -- |
| -- |
Longitud y perímetro -- |
| -- |
Puntos, líneas y ángulos -- |
| -- |
Figuras y cuerpos -- |
| -- |
Simetría. Movimientos -- |
| -- |
Medidas. Estadística -- |
| 505 0# - NOTA DE CONTENIDO CON FORMATO |
| Información miscelánea |
v. 6 : |
| Título |
Operaciones aritméticas -- |
| -- |
Fracciones -- |
| -- |
Números decimales -- |
| -- |
Operaciones con decimales -- |
| -- |
Potencias y raíz cuadrada -- |
| -- |
Porcentajes -- |
| -- |
Números racionales -- |
| -- |
Razones y proporciones -- |
| -- |
Polígonos -- |
| -- |
Construcciones -- |
| -- |
Mediciones -- |
| -- |
Estadística -- |
| 505 0# - NOTA DE CONTENIDO CON FORMATO |
| Información miscelánea |
v. 7 : |
| Título |
Los números enteros -- |
| -- |
Operaciones con números enteros -- |
| -- |
Números racionales -- |
| -- |
Operaciones con números racionales -- |
| -- |
Coordenadas cartesianas -- |
| -- |
Construcciones geométricas -- |
| -- |
Ángulos -- |
| -- |
Sólidos geométricos, 1 -- |
| -- |
Sólidos geométricos, 2 -- |
| -- |
Recolección y análisis de datos -- |
| -- |
Valores medios y de dispersión -- |
| -- |
Probabilidades -- |
| 505 0# - NOTA DE CONTENIDO CON FORMATO |
| Información miscelánea |
v. 8 : |
| Título |
Los números racionales -- |
| -- |
Operaciones con números racionales -- |
| -- |
Potencias y raíces -- |
| -- |
Los números reales -- |
| -- |
El lenguaje del álgebra -- |
| -- |
La función polinómica -- |
| -- |
Ecuaciones del primer grado -- |
| -- |
Inecuaciones de primer grado -- |
| -- |
Métrica del plano cartesiano -- |
| -- |
Transformaciones geométricas -- |
| -- |
Áreas y volúmenes, I -- |
| -- |
Áreas y volúmenes, II -- |
| -- |
Estadística y probabilidades -- |
| 700 1# - PUNTO DE ACCESO ADICIONAL--NOMBRE DE PERSONA |
| Nombre de persona |
Molina Maloon, Andrés |
| 9 (RLIN) |
6596 |
| 700 1# - PUNTO DE ACCESO ADICIONAL--NOMBRE DE PERSONA |
| Nombre de persona |
García Escobar, Obdulia de |
| Término indicativo de función/relación |
dir. ed. |
| 9 (RLIN) |
29220 |
| 700 1# - PUNTO DE ACCESO ADICIONAL--NOMBRE DE PERSONA |
| Nombre de persona |
Núñez, Ruddy |
| Término indicativo de función/relación |
il. |
| 9 (RLIN) |
23171 |
| 830 #0 - PUNTO DE ACCESO ADICIONAL DE SERIE-TÍTULO UNIFORME |
| Título uniforme |
Coral |
| 9 (RLIN) |
30539 |